| 000 | 00412nam a2200169Ia 4500 | ||
|---|---|---|---|
| 001 | 15236 | ||
| 005 | 20260306165013.0 | ||
| 008 | 260306t9999||||xx |||||||||||||| ||spa|| | ||
| 041 | _aESP | ||
| 082 |
_a530.812 _bM57 |
||
| 100 |
_aMilón Guzmán, Juan José (ed.) _eAUT |
||
| 245 | 0 | _aEl sistema internacional de unidades (SI) | |
| 300 |
_a _c |
||
| 650 | _aGEN | ||
| 654 | _aCCN | ||
| 942 |
_cLIB _dJUS _fJUS _2ddc _n |
||
| 999 |
_c15236 _d15236 |
||